000 00508nam a2200169 i 4500
001 42110
003 ES-MaACL
005 20230906160541.0
007 t|
008 030312s1886 it ||||1| ita d
100 1 _aCastelli, Michelangelo.
_936549
245 1 3 _aIl conte di Carour /
_cricodri di Michelangelo Castelli ; editi per cura di Luigi Chiala.
260 _aTorino ;
_aNapoli :
_b[s.n.,
_c1886]
300 _aVII, 266 p. ;
_c22 cm.
700 1 _aChiala, Luigi.
_938451
852 _aES-MaACL
_jF-13526
999 _c42110
_d42110